| 000 | 00405nam a2200157 i 4500 | ||
|---|---|---|---|
| 001 | 94546 | ||
| 003 | ES-MaACL | ||
| 005 | 20230906181515.0 | ||
| 007 | t| | ||
| 008 | 050506s1912 fr ||||1| fre d | ||
| 100 | 1 |
_aLoti, Pierre. _974298 |
|
| 245 | 1 | 3 |
_aLe mariage de Loti / _cpar Pierre Loti. |
| 260 |
_aParis : _bCalmann-Levy, _c1912. |
||
| 300 |
_a313 p., 3 h. ; _c19 cm. |
||
| 852 |
_aES-MaACL _jG-8805 |
||
| 999 |
_c94546 _d94546 |
||